| 000 | 00937cam a2200313 i 4500 | ||
|---|---|---|---|
| 001 | 200468079 | ||
| 003 | TR-AnTOB | ||
| 005 | 20260413145404.0 | ||
| 007 | ta | ||
| 008 | 870318b nyu b 000 1 eng d | ||
| 010 | _a 83060268 | ||
| 035 | _a15996899 | ||
| 035 | _a(OCoLC)38440240 | ||
| 040 |
_aNUI _beng _erda _cNUI _dDLC _dTR-AnTOB |
||
| 041 | 0 | _aeng | |
| 042 | _alccopycat | ||
| 050 | 1 | 4 |
_aPS3565.C57 _bT37 |
| 090 |
_aPS3565.C57 _bT37 |
||
| 100 | 1 |
_aO'Connor, Flannery _eauthor _943524 |
|
| 245 | 1 | 0 |
_aThree : _bWise blood, a good man is hard to find, the violent it away / _cFlannery 0'Connor. |
| 264 |
_aNew York : _bNew America Library, _c[date of publication not identified]. |
||
| 300 |
_a447 pages ; _c18 cm. |
||
| 336 |
_atext _btxt _2rdacontent |
||
| 337 |
_aunmediated _bn _2rdamedia |
||
| 338 |
_avolume _bnc _2rdacarrier |
||
| 650 | 0 |
_aAmerikan romanı _934007 |
|
| 942 |
_2lcc _cBK |
||
| 999 |
_c200468079 _d86291 |
||